| 000 | 01284nam0a2200385 4500 | ||
|---|---|---|---|
| 001 | RU\NLR\bibl\245023 | ||
| 005 | 20250619114901.0 | ||
| 010 |
_a5-901095-04-9 _92000 |
||
| 021 |
_aRU _b2001-55911 _92722 |
||
| 035 | _a(NLR Aleph) 000240880 | ||
| 090 |
_a1403850 _c1403850 |
||
| 100 | _a20020320d2001 |||y0rusy50 ca | ||
| 101 | 1 |
_arus _ceng |
|
| 102 | _aRU | ||
| 105 | _aa ||||||||| | ||
| 200 | 1 |
_aГидроаэродинамика _fТ. Е. Фабер _gПер. с англ. В. В. Коляды _gПод ред. А. А. Павельева |
|
| 210 |
_aМ. _cПостмаркет _d2001 |
||
| 215 |
_a559 с. _cил. _d25 |
||
| 320 | _aПредм. указ.: с. 558-559 | ||
| 320 | _aБиблиогр. в подстроч. прим. | ||
| 606 | 0 |
_aГидродинамика _9902887 _3RU\NLR\auth\668506 |
|
| 606 | 0 |
_aАэродинамика _91034612 _3RU\NLR\auth\6679620 |
|
| 610 | 0 | _aАэрогидродинамика | |
| 675 |
_a532.5 _v3 _zrus |
||
| 675 |
_a533 _v3 _zrus |
||
| 686 |
_a30.17 _2rugasnti |
||
| 686 |
_a22.253.3 _2rubbk |
||
| 686 | _aВ253.3 | ||
| 700 | 1 |
_aФабер _bТ. Е. _gТом Е. _4070 |
|
| 801 | 0 |
_aRU _bRKP _c20020320 _gPSBO |
|
| 801 | 1 |
_aRU _bRKP _c20020320 |
|
| 801 | 2 |
_aRU _bNLR _c20020426 _grcr |
|
| 942 | _cBOOK | ||
| 980 | _aNB | ||